000
00261nam a22001097a 4500
008
240709b |||||||| |||| 00| 0 eng d
100
_a
Mamtoe, Aashnand
_9
16750
245
_a
Shairu
260
_a
Bombay:
_b
Lok Sewa Mandal;
_c
1964.
300
_a
155p.
942
_c
BK
999
_c
39879
_d
39879